Statistiques concernant Cliquez sur la première lettre de la Capitale

Cliquez ici pour prendre le quiz!

Statistiques générales

  • Ce quiz a été pris 463 fois
  • Le résultat moyen est 17 sur 24

Statistiques - réponses

HintRéponse% Correct
FranceP
95%
AllemagneB
94%
États-UnisW
94%
PortugalL
93%
JaponT
93%
AustralieC
87%
AutricheV
86%
CanadaO
84%
CroatieZ
82%
TurquieA
78%
IsraëlJ
75%
ChiliS
75%
ChypreN
67%
ÉquateurQ
65%
PhilippinesM
62%
GuyanaG
60%
VietnamH
60%
Arabie SaouditeR
59%
MalaisieK
57%
CamerounY
57%
ArménieE
56%
BangladeshD
54%
PakistanI
54%
Sierra LeoneF
44%

Distribution des résultats

Percentile par nombre de réponses

% des personnes avec chaque résultat

Votre développement - résultats

Vous n’avez pas pris ce quiz